000 00297 a2200157 4500
001 160428
020 _a
040 _cMagnum
100 _aPorto, Cristina
240 1 0 _aChico palito
_lpor
245 1 0 _aChico palito
362 0 _a1899
440 1 _aFTD
697 _aIJ/GERAL
942 _cBK
999 _c160428
_d160428